De la carrera de la edad. (Registro nro. 437156)

Detalles MARC
000 -LÍDER
Campo fijo de descripción fija 00582nam a22002177a 4500
003 - IDENTIFICADOR DEL NÚMERO DE CONTROL
Campo de control BCEG
005 - FECHA Y HORA DE LA ULTIMA TRANSACCIÓN
control field 20260407113510.0
008 - ELEMENTOS DE LONGITUD FIJA -- INFORMACIÓN GENERAL
Campo fijo de descripción fija -- Información general 260407s2018 mx|||||| |||| 00| 0 spa d
020 ## - ISBN
Isbn 9786071654656
040 ## - FUENTE DE CATALOGACIÓN
Agencia de catalogación original BCEG
Idioma de catalogación spa
Agencia que realiza la transcripción BCEG
082 04 - NÚMERO DE CLASIFICACIÓN DECIMAL DEWEY
Número de clasificación M864.4
Clave de autor-Numero de item C393d
100 1# - ASIENTO PRINCIPAL--NOMBRE PERSONAL
Nombre del autor personal Celorio, Gonzalo,
Fechas asociadas con el nombre 1948-.
245 1# - TÍTULO PROPIAMENTE DICHO
Título De la carrera de la edad.
260 ## - PUBLICACIÓN, DISTRIBUCIÓN, ETC. (PIE DE IMPRENTA)
Lugar de publicación, distribución, etc. México :
Nombre del editor, distribuidor, etc. Fondo de Cultura Económica,
Fecha de publicación, distribución, etc. 2018.
300 ## - DESCRIPCIÓN FÍSICA
Extensión 2 v.
490 ## - MENCIÓN DE SERIE
Mención de serie Letras Mexicanas.
505 ## - NOTA DE CONTENIDO
Información miscelánea v. 1.
Título De ida --
Información miscelánea v. 2.
Título De regreso.
541 ## - NOTA DE FUENTE INMEDIATA DE ADQUISICIÓN
Nota de fuente de adquisición Compra.
650 14 - ASIENTO SECUNDARIO DE MATERIA - TERMINO TEMÁTICO
Término temático o nombre geográfico como elemento de entrada Ensayos mexicanos.
942 ## - TIPO DE MATERIAL (KOHA)
Tipo de Item KOHA Libro
Existencias
No para Préstamo Colección Biblioteca de Origen Biblioteca Permanente Fecha de Adquisición Fuente de Adquisicion Total de Préstamos Signatura Topográfica Código de Barras Última vez visto Ejemplar Tipo de Material
Material en Reserva General Biblioteca Central Estatal de Guanajuato, "Wigberto Jiménez Moreno" Biblioteca Central Estatal de Guanajuato, "Wigberto Jiménez Moreno" 07/04/2026 COMPRA-2025   M864.4 C393d BCEG8655231048 07/04/2026 v. 1 Libro
  General Biblioteca Central Estatal de Guanajuato, "Wigberto Jiménez Moreno" Biblioteca Central Estatal de Guanajuato, "Wigberto Jiménez Moreno" 07/04/2026 COMPRA-2025   M864.4 C393d BCEG8655231049 07/04/2026 v. 1 ej. 2 Libro
Material en Reserva General Biblioteca Central Estatal de Guanajuato, "Wigberto Jiménez Moreno" Biblioteca Central Estatal de Guanajuato, "Wigberto Jiménez Moreno" 07/04/2026 COMPRA-2025   M864.4 C393d BCEG8655231050 07/04/2026 v. 2 Libro
  General Biblioteca Central Estatal de Guanajuato, "Wigberto Jiménez Moreno" Biblioteca Central Estatal de Guanajuato, "Wigberto Jiménez Moreno" 07/04/2026 COMPRA-2025   M864.4 C393d BCEG8655231051 07/04/2026 v. 2 ej. 2 Libro